Analysis of urban solid waste services: (Record no. 19033)

MARC details
000 -LEADER
fixed length control field 01141nam a2200373 a 4500
001 - CONTROL NUMBER
control field vtls000013696
003 - CONTROL NUMBER IDENTIFIER
control field NLI
005 - DATE AND TIME OF LATEST TRANSACTION
control field 20210601181531.0
008 - FIXED-LENGTH DATA ELEMENTS--GENERAL INFORMATION
fixed length control field 101125s1978 miuab 001 0 eng
020 ## - INTERNATIONAL STANDARD BOOK NUMBER
International Standard Book Number 0250401991
Terms of availability $ 15.00
039 #9 - LEVEL OF BIBLIOGRAPHIC CONTROL AND CODING DETAIL [OBSOLETE]
-- 201011250107
-- VLOAD
040 0# - CATALOGING SOURCE
Original cataloging agency NLI
Language of cataloging eng
Transcribing agency VERGIS-2003
041 0# - LANGUAGE CODE
Language code of text/sound track or separate title eng
044 ## - COUNTRY OF PUBLISHING/PRODUCING ENTITY CODE
MARC country code miu
082 04 - DEWEY DECIMAL CLASSIFICATION NUMBER
Classification number 628.3018
100 1# - MAIN ENTRY--PERSONAL NAME
Personal name Clark, Robert Maurice
9 (RLIN) 51715
245 10 - TITLE STATEMENT
Title Analysis of urban solid waste services:
Remainder of title a systems approach/
Statement of responsibility, etc. Robert M. Clark
260 ## - PUBLICATION, DISTRIBUTION, ETC.
Place of publication, distribution, etc. Ann Arbor ,
Date of publication, distribution, etc. Michigan:
Name of publisher, distributor, etc. Ann Arbor Science,
Date of publication, distribution, etc. c1978
300 ## - PHYSICAL DESCRIPTION
Extent ix, 157 p.:
Other physical details ill., maps;
Dimensions 24 cm.
500 ## - GENERAL NOTE
General note Includes index
650 #0 - SUBJECT ADDED ENTRY--TOPICAL TERM
Topical term or geographic name entry element Factory and trade waste
9 (RLIN) 51716
650 #0 - SUBJECT ADDED ENTRY--TOPICAL TERM
Topical term or geographic name entry element Refuse and refuse disposal
General subdivision Mathematical methods
9 (RLIN) 51717
650 #0 - SUBJECT ADDED ENTRY--TOPICAL TERM
Topical term or geographic name entry element Salvage (Waste, etc.)
9 (RLIN) 51718
650 #0 - SUBJECT ADDED ENTRY--TOPICAL TERM
Topical term or geographic name entry element System analysis
9 (RLIN) 7534
887 ## - NON-MARC INFORMATION FIELD
Content of non-MARC field Sivankalai S.
901 ## - LOCAL DATA ELEMENT A, LDA (RLIN)
a 443362
b 07/06/1978
902 ## - LOCAL DATA ELEMENT B, LDB (RLIN)
a E 628.3018 C 549
903 ## - LOCAL DATA ELEMENT C, LDC (RLIN)
a 03/03/2004
904 ## - LOCAL DATA ELEMENT D, LDD (RLIN)
a Sivankalai S.
906 ## - LOCAL DATA ELEMENT F, LDF (RLIN)
a 012633
949 ## - LOCAL PROCESSING INFORMATION (OCLC)
-- VIRTUAITEM
-- 10000
-- 1
-- 100
6 PUR000443362ENG
a E 628.3018 C549
942 ## - ADDED ENTRY ELEMENTS (KOHA)
Source of classification or shelving scheme Dewey Decimal Classification
Koha item type Books
Holdings
Withdrawn status Lost status Damaged status Not for loan Collection code Home library Current library Shelving location Date acquired Total Checkouts Full call number Barcode Date last seen Price effective from Koha item type
        New English National Library of India National Library of India New English - Main Stack Division     E 628.3018 C 549 PUR000443362ENG 01/06/2021 01/06/2021 Books
                                                                           
web counter

Copyright ©2020 The National Library of India, Govt. of India ↔ Hosted by NVLI, MOC ↔ Technology and Design by National Library of India, Ministry of Culture, Govt. of India